<?xml version="1.0" encoding="UTF-8"?>
<record
    xmlns:xsi="http://www.w3.org/2001/XMLSchema-instance"
    xsi:schemaLocation="http://www.loc.gov/MARC21/slim http://www.loc.gov/standards/marcxml/schema/MARC21slim.xsd"
    xmlns="http://www.loc.gov/MARC21/slim">

  <leader>02000cam a22003135a 4500</leader>
  <controlfield tag="001">16732911</controlfield>
  <controlfield tag="005">20150920142755.0</controlfield>
  <controlfield tag="008">110408s2011    enka   frb    001 0 eng d</controlfield>
  <datafield tag="020" ind1=" " ind2=" ">
    <subfield code="a">9781405184304 (pbk. : alk. paper)</subfield>
  </datafield>
  <datafield tag="020" ind1=" " ind2=" ">
    <subfield code="a">1405184302 (pbk. : alk. paper)</subfield>
  </datafield>
  <datafield tag="040" ind1=" " ind2=" ">
    <subfield code="a">DNLM/DLC</subfield>
    <subfield code="c">DLC</subfield>
    <subfield code="b">eng</subfield>
    <subfield code="d">EG-ScBUE</subfield>
  </datafield>
  <datafield tag="043" ind1=" " ind2=" ">
    <subfield code="a">e-uk---</subfield>
  </datafield>
  <datafield tag="050" ind1="0" ind2="0">
    <subfield code="a">RC674</subfield>
    <subfield code="b">.N89 2011</subfield>
  </datafield>
  <datafield tag="082" ind1="0" ind2="4">
    <subfield code="a">616.120231</subfield>
    <subfield code="2">22</subfield>
    <subfield code="b">NUR</subfield>
  </datafield>
  <datafield tag="245" ind1="0" ind2="0">
    <subfield code="a">Nursing the cardiac patient /</subfield>
    <subfield code="c">edited by Melanie Humphreys.</subfield>
  </datafield>
  <datafield tag="260" ind1=" " ind2=" ">
    <subfield code="a">Chichester :</subfield>
    <subfield code="b">Wiley-Blackwell / A John Wiley &amp; Sons, Ltd., Publication,</subfield>
    <subfield code="c">2011.</subfield>
  </datafield>
  <datafield tag="300" ind1=" " ind2=" ">
    <subfield code="a">xvii, 260 p. :</subfield>
    <subfield code="b">ill. ;</subfield>
    <subfield code="c">25 cm.</subfield>
  </datafield>
  <datafield tag="500" ind1=" " ind2=" ">
    <subfield code="a">Index : p . 251-260.</subfield>
  </datafield>
  <datafield tag="504" ind1=" " ind2=" ">
    <subfield code="a">Includes bibliographical references.</subfield>
  </datafield>
  <datafield tag="505" ind1="0" ind2=" ">
    <subfield code="a">Acute coronary syndromes in perspective / Melanie Humphreys -- Reducing the risk : primary care initiatives / Melanie Humphreys and Brenda Cottam -- Assessment of the cardiovascular system / Jackie Yonker -- Diagnosing acute coronary syndrome / John McGowan -- Unstable angina / John McGowan -- Non-ST segment elevation infarction / Melanie Humphreys -- ST segment elevation infarction / Claire Rushton -- Therapeutic intervention in acute coronary syndromes / Jan Keenan -- Cardiothoracic care / Debbie Danitsch -- Arrhythmias and their management / Melanie Humphreys and Celia Warlow -- Emergency cardiac care / Melanie Humphreys and Lisa Cooper -- Chronic cardiac conditions and their management / Ian Jones and Ann Dormer -- Cardiac rehabilitation / Tim Grove -- Secondary prevention within the community / Tim Grove -- Ethical issues in cardiac care / Pauline Walsh and Fiona Foxall.</subfield>
  </datafield>
  <datafield tag="650" ind1=" " ind2="0">
    <subfield code="a">Heart</subfield>
    <subfield code="x">Diseases</subfield>
    <subfield code="x">Nursing</subfield>
    <subfield code="z">Great Britain.</subfield>
    <subfield code="2">BUEsh</subfield>
  </datafield>
  <datafield tag="650" ind1=" " ind2="0">
    <subfield code="a">Heart</subfield>
    <subfield code="x">Diseases</subfield>
    <subfield code="x">Patients</subfield>
    <subfield code="x">Nursing</subfield>
    <subfield code="z">Great Britain.</subfield>
    <subfield code="2">BUEsh</subfield>
  </datafield>
  <datafield tag="650" ind1="1" ind2="2">
    <subfield code="a">Cardiovascular Diseases</subfield>
    <subfield code="x">nursing</subfield>
    <subfield code="z">Great Britain.</subfield>
    <subfield code="2">BUEsh</subfield>
  </datafield>
  <datafield tag="650" ind1="2" ind2="2">
    <subfield code="a">Nursing Care</subfield>
    <subfield code="x">methods</subfield>
    <subfield code="z">Great Britain.</subfield>
    <subfield code="2">BUEsh</subfield>
  </datafield>
  <datafield tag="651" ind1=" " ind2=" ">
    <subfield code="2">BUEsh</subfield>
  </datafield>
  <datafield tag="653" ind1=" " ind2=" ">
    <subfield code="b">NNUR</subfield>
    <subfield code="c">September2015</subfield>
  </datafield>
  <datafield tag="700" ind1="1" ind2=" ">
    <subfield code="a">Humphreys, Melanie,</subfield>
    <subfield code="e">editor.</subfield>
  </datafield>
  <datafield tag="942" ind1=" " ind2=" ">
    <subfield code="2">ddc</subfield>
  </datafield>
  <datafield tag="999" ind1=" " ind2=" ">
    <subfield code="c">20805</subfield>
    <subfield code="d">20777</subfield>
  </datafield>
  <datafield tag="952" ind1=" " ind2=" ">
    <subfield code="0">0</subfield>
    <subfield code="1">0</subfield>
    <subfield code="2">ddc</subfield>
    <subfield code="4">0</subfield>
    <subfield code="7">0</subfield>
    <subfield code="8">Baccah</subfield>
    <subfield code="a">MAIN</subfield>
    <subfield code="b">MAIN</subfield>
    <subfield code="c">1ST</subfield>
    <subfield code="d">2015-09-01</subfield>
    <subfield code="e">Purchase</subfield>
    <subfield code="g">390.00</subfield>
    <subfield code="h">23317</subfield>
    <subfield code="l">5</subfield>
    <subfield code="m">7</subfield>
    <subfield code="o">616.120231 NUR</subfield>
    <subfield code="p">000039558</subfield>
    <subfield code="r">2025-11-08 00:00:00</subfield>
    <subfield code="s">2025-11-04</subfield>
    <subfield code="v">488.00</subfield>
    <subfield code="y">BB</subfield>
  </datafield>
</record>
